En coche va una niña : poema popular /
Guardado en:
| Autor Principal: | |
|---|---|
| Otros Autores: | , |
| Formato: | Libro |
| Publicado: |
Buenos Aires :
Cántaro,
2013
|
| Series: | Rincón de lectura. Poesía para todos
|
| Materias: | |
| Etiquetas: |
Agregar Etiqueta
Sin Etiquetas, Sea el primero en etiquetar este registro!
|
| LEADER | 00955nam a22002895a 4500 | ||
|---|---|---|---|
| 001 | CEM.cems015190 | ||
| 005 | 20191015152922.0 | ||
| 008 | 130507s2013##################000#0#####d | ||
| 003 | CEMS | ||
| 020 | |a 9789507533624 | ||
| 082 | 0 | 4 | |a A861.4 |
| 100 | 1 | |a Kaufman, Alicia | |
| 245 | 1 | 0 | |a En coche va una niña : |b poema popular / |c Ruth Kaufman y Alicia Zaina ; ilustrado Por Eugenia Nobati |
| 260 | |a Buenos Aires : |b Cántaro, |c 2013 | ||
| 300 | |a 24 p. | ||
| 490 | 0 | |a Rincón de lectura. Poesía para todos | |
| 653 | |a Literatura | ||
| 653 | |a Literatura argentina | ||
| 653 | |a Literatura infantil | ||
| 653 | |a Poesía | ||
| 653 | |a Poesía infantil | ||
| 653 | |a Colección ciencias de la educación | ||
| 653 | |a Libro albúm | ||
| 700 | 1 | |a Zaina, Alicia | |
| 700 | 1 | |a Nobati, Eugenia; il. | |
| 859 | |a CEMS |b BIB. CEMS - Ccias. Educacion |h A861.4 |i K162 |k CE |p 28338.19 |t Ej.1 | ||
| 859 | |a CEMS |b BIB. CEMS - Ccias. Educacion |h A861.4 |i K162 |k CE |p 29004.19 |t Ej.2 | ||
